[Event "Bad Zwesten op 7th"]
[Site "Bad Zwesten"]
[Date "2003.??.??"]
[Round "8"]
[White "Hotzy, Matthias"]
[Black "Ehemann, Pascal"]
[Result "0-1"]
[WhiteElo "1628"]
[BlackElo "1787"]
[PlyCount "60"]
[EventDate "2003.01.02"]
[EventType "swiss"]
[EventRounds "9"]
[EventCountry "GER"]
[SourceTitle "CBM 092 Extra"]
[Source "ChessBase"]
[SourceDate "2003.03.07"]
[SourceVersion "1"]
[SourceVersionDate "2003.03.07"]
[SourceQuality "1"]

1. d4 Nf6 2. Nf3 d6 3. Bg5 Nbd7 4. e3 g6 5. Be2 Bg7 6. Nbd2 0-0 7. 0-0 e5 8. c3 h6 9. Bh4 g5 10. Bg3 Nh7 11. e4 Re8 12. h3 a6 13. Re1 Nhf8 14. dxe5 Nxe5 15. Nxe5 dxe5 16. Nc4 Qe7 17. Ne3 Ng6 18. Qc2 Nf4 19. Bg4 Be6 20. Nf5 Qf6 21. Rad1 Qg6 22. Bxf4 gxf4 23. Nxg7 Qxg7 24. Bxe6 Rxe6 25. Rd7 Kh8 26. Kh1 Rg8 27. f3 Rg6 28. Rd2 Rg3 29. Rf1 Qg5 30. Kh2 Rxh3+ 0-1

[Event "Bad Zwesten op 7th"]
[Site "Bad Zwesten"]
[Date "2003.??.??"]
[Round "6"]
[White "Hotzy, Matthias"]
[Black "Janusic, Josip"]
[Result "1/2-1/2"]
[WhiteElo "1628"]
[BlackElo "1772"]
[PlyCount "79"]
[EventDate "2003.01.02"]
[EventType "swiss"]
[EventRounds "9"]
[EventCountry "GER"]
[SourceTitle "CBM 092 Extra"]
[Source "ChessBase"]
[SourceDate "2003.03.07"]
[SourceVersion "1"]
[SourceVersionDate "2003.03.07"]
[SourceQuality "1"]

1. d4 Nf6 2. Nf3 e6 3. e3 b6 4. c4 Bb7 5. Nc3 d5 6. Be2 Be7 7. 0-0 0-0 8. Bd2 Nbd7 9. Rc1 c5 10. cxd5 Nxd5 11. Nxd5 Bxd5 12. a3 Nf6 13. h3 Ne4 14. Be1 Rc8 15. dxc5 Nxc5 16. Nd4 Bf6 17. b4 Ne4 18. f3 Rxc1 19. Qxc1 Nd6 20. Bf2 Qd7 21. e4 Rc8 22. Qb1 Bc4 23. Re1 b5 24. Bd3 e5 25. Nb3 Bxb3 26. Qxb3 Qb7 27. Bc5 Be7 28. Rd1 Rd8 29. Be2 Kf8 30. Qd5 Qxd5 31. Rxd5 a6 32. Rxe5 Nc8 33. Rd5 Bxc5+ 34. bxc5 Ke7 35. Kf2 Na7 36. Rxd8 Kxd8 37. Ke3 Kd7 38. f4 f6 39. g4 Ke6 40. h4 1/2-1/2